Word Ladder: The Mentalist Quiz Stats

 Plays Quiz Updated Nov 4, 2017

Score 0/34 Timer 04:00
0 Plays Today
Hint 4-letter Word % Correct
Classic film: 'Citizen ___'KANE
94%
Two-wheelerBIKE
90.1%
Bundle of hay or cottonBALE
87.9%
Cook by dry heatBAKE
87.2%
Time at a store with cheaper pricesSALE
87.1%
Type of coniferous treePINE
86.2%
Ernie's muppet palBERT
85.3%
Brazilian soccer greatPELÉ
85.2%
Spice found between parsley and rosemary?SAGE
84.2%
AshenPALE
82%
❦ FBI agent and Lisbon suitor Marcus ❦•PIKE•
80.9%
❦ Former CBI agent Grace Van ____•PELT•
80.8%
Air shaft, ductVENT
78.4%
A long, dramatic storySAGA
78.4%
Jaunty, cheekyPERT
78.1%
Courteous, honorable man, for shortGENT
77.6%
Traditional borscht ingredientBEET
77%
Hint 4-letter Word % Correct
With 'cava' a major blood vesselVENA
74.2%
Genesis or Dreamcast makerSEGA
72.2%
Computer network connection testPING
68.4%
❦ Kimball Cho actor Tim ❦•KANG•
67.6%
Brief, piercing spasm of painPANG
66.8%
❦ FBI rookie Michelle ❦•VEGA•
66%
Uncle Remus' ___ RabbitBR'ER
64%
Benefit, blessingBOON
63.9%
❦ Cult leader Stiles ❦•BRET•
63.2%
1993 Johnny Depp movie: Benny & ____JOON
62.6%
South African war participantBOER
59.8%
Churlish loutBOOR
57.8%
❦ Former CBI director Bertram ❦•GALE•
54.3%
Hanukkah money (chocolate coins)GELT
53.3%
Atlas Shrugged's JohnGALT
48.4%
❦ Main character Patrick ❦•JANE•
46.8%
❦ Longstanding nemesis of first rung: Red ____•JOHN•
46.3%

Today's Daily Dose

Missing Word
Wicked Songs

Word Ladder
Blue Ivies

Get the Picture
Green on the Flag?

You're not logged in!

Compare scores with friends on all Sporcle quizzes.
OR
Log In

You Might Also Like...

Show Comments

Extras

Top Quizzes Today


Score Distribution

Your Account Isn't Verified!

In order to create a playlist on Sporcle, you need to verify the email address you used during registration. Go to your Sporcle Settings to finish the process.

Report this User

Report this user for behavior that violates our Community Guidelines.

Details: